000 00423nam a2200157 a 4500
005 20260424151746.0
008 260416s2026##################000#0#eng##
020 _a9780406000538
082 0 4 _a348.42
_bALLR
100 _aBridgeman, G F L
245 1 0 _aError - Book not found in Google Books :
_cG F L Bridgeman
260 _alondon:
_bButterworth,
_c1934.
300 _a845p.
_c;23cm
650 _aLaw
942 _cENGLISH
999 _c619519
_d619519